Riconosci il Pokémon - Quiz n°522 - Statistics

Statistiche generali
  • Questo quiz è stato fatto 0 volte
  • Il punteggio medio è 0 su 10
Statistiche sulle risposte
Indizio Risposta % Corretto
Altezza 0,4 m
0%
Peso 4,1 kg
0%
Tasso di cattura 45 (11.9%)
0%
Sesso 87.5% ♂, 12.5% ♀
0%
Tipo Erba
0%
Abilità Erbaiuto; Mutatipo
0%
Stadio evoluzione Forma Base
0%
Tasso di allevamento Medio-Lento
0%
Generazione Nona
0%
Pokémon Sprigatito
0%
Nessun quiz corrispondente trovato
Distribuzione punteggi
Percentuale di utenti per punteggio
Percentile per numero di risposta
I tuoi punteggi nel tempo
Non hai fatto questo quiz